<?xml version="1.0" encoding="UTF-8"?>
<record
    xmlns:xsi="http://www.w3.org/2001/XMLSchema-instance"
    xsi:schemaLocation="http://www.loc.gov/MARC21/slim http://www.loc.gov/standards/marcxml/schema/MARC21slim.xsd"
    xmlns="http://www.loc.gov/MARC21/slim">

  <leader>03833nam a2200349 a 4500</leader>
  <controlfield tag="003">OSt</controlfield>
  <controlfield tag="005">20240822144256.0</controlfield>
  <controlfield tag="007">cr a|||||a|c|a</controlfield>
  <controlfield tag="008">240819s2024    mx a|||fom||| 001 0 spa d</controlfield>
  <datafield tag="040" ind1=" " ind2=" ">
    <subfield code="e">rda</subfield>
  </datafield>
  <datafield tag="100" ind1="1" ind2=" ">
    <subfield code="a">Gaspar Andr&#xE9;s, Mar&#xED;a In&#xE9;s</subfield>
    <subfield code="9">189453</subfield>
  </datafield>
  <datafield tag="245" ind1="1" ind2="0">
    <subfield code="a">Hongos micorr&#xED;cicos y diversidad de herbac&#xE9;as en dos condiciones de manejo en La Sierra de Huautla, Morelos /</subfield>
    <subfield code="c">por Mar&#xED;a In&#xE9;s Gaspar Andr&#xE9;s  y Dulce Deli Izoteco Morales; director de tesis Langen Corlay Chee; secretario Alejandro Hern&#xE1;ndez Tapia; vocal Yolanda Franco Islas; suplente Andr&#xE9;s Gelacio Miranda Moreno; suplente Javier Santill&#xE1;n P&#xE9;rez. </subfield>
  </datafield>
  <datafield tag="264" ind1=" " ind2="1">
    <subfield code="a">Chapingo, M&#xE9;xico :</subfield>
    <subfield code="b">El autor,</subfield>
    <subfield code="c">[2024]</subfield>
  </datafield>
  <datafield tag="300" ind1=" " ind2=" ">
    <subfield code="a">1 recurso en l&#xED;nea (47 p&#xE1;ginas):</subfield>
    <subfield code="b">tablas, figuras.</subfield>
  </datafield>
  <datafield tag="336" ind1=" " ind2=" ">
    <subfield code="2">rdacontent</subfield>
    <subfield code="a">texto</subfield>
    <subfield code="b">txt</subfield>
  </datafield>
  <datafield tag="337" ind1=" " ind2=" ">
    <subfield code="2">rdamedia</subfield>
    <subfield code="a">computadora</subfield>
    <subfield code="b">c</subfield>
  </datafield>
  <datafield tag="338" ind1=" " ind2=" ">
    <subfield code="2">rdacarrier</subfield>
    <subfield code="a">recurso en l&#xED;nea</subfield>
    <subfield code="b">cr</subfield>
  </datafield>
  <datafield tag="502" ind1=" " ind2=" ">
    <subfield code="b">IRF</subfield>
    <subfield code="c">DICIFO</subfield>
    <subfield code="d">[2024]</subfield>
    <subfield code="g">LIC</subfield>
  </datafield>
  <datafield tag="504" ind1=" " ind2=" ">
    <subfield code="a">Incluye referencias bibliogr&#xE1;ficas: p&#xE1;ginas 36-40.</subfield>
  </datafield>
  <datafield tag="520" ind1=" " ind2=" ">
    <subfield code="a">La asociaci&#xF3;n entre hongos formadores de micorrizas y la vegetaci&#xF3;n es crucial desde hace millones de a&#xF1;os. A pesar de su importancia, la informaci&#xF3;n acerca de c&#xF3;mo influyen en la diversidad vegetal es escasa. Por lo tanto, el estudio se enfoca en la investigaci&#xF3;n de la influencia de las micorrizas en la diversidad de herb&#xE1;ceas y la fertilidad del suelo en un sistema agroforestal y un &#xE1;rea en sucesi&#xF3;n ecol&#xF3;gica secundaria ubicados en ejidos serranos de la Sierra de Huautla, Morelos. Se emplearon m&#xE9;todos de muestreo aleatorio estratificado y simple para recolectar muestras de herb&#xE1;ceas, suelo y ra&#xED;ces. Se analiz&#xF3; la fertilidad del suelo seg&#xFA;n la NOM-021-RECNAT-2000. Se determin&#xF3; la diversidad vegetal con el &#xED;ndice de Shannon-Wiener y se evalu&#xF3; la colonizaci&#xF3;n micorr&#xED;cica. Se realizaron an&#xE1;lisis de varianza y correlaci&#xF3;n de Pearson para comparar los ecosistemas y explorar relaciones entre variables. Adem&#xE1;s, se aplic&#xF3; un an&#xE1;lisis de componentes principales para evaluar la correlaci&#xF3;n de la colonizaci&#xF3;n micorr&#xED;cica con las variables del suelo. Como resultados se obtuvo que, entre el &#xE1;rea en sucesi&#xF3;n ecol&#xF3;gica secundaria y el sistema agroforestal, se encontraron diferencias estad&#xED;sticamente significativas en la diversidad de herb&#xE1;ceas, siendo mayor en el &#xE1;rea en sucesi&#xF3;n ecol&#xF3;gica. Sin embargo, la colonizaci&#xF3;n micorr&#xED;cica no mostr&#xF3; diferencias significativas entre ambos sistemas. Se observ&#xF3; una correlaci&#xF3;n d&#xE9;bil y nula entre la colonizaci&#xF3;n micorr&#xED;cica y la diversidad de plantas en ambos sistemas, as&#xED; como una baja correlaci&#xF3;n entre las propiedades del suelo y la colonizaci&#xF3;n micorr&#xED;cica, siendo m&#xE1;s negativa en el &#xE1;rea en sucesi&#xF3;n ecol&#xF3;gica. En conclusi&#xF3;n, debido al corto tiempo de recuperaci&#xF3;n que tienen ambos sistemas no se mostraron estad&#xED;sticas significativas fuertes. No obstante, este estudio sirve como l&#xED;nea base para investigaciones futuras sobre la recuperaci&#xF3;n de los suelos en relaci&#xF3;n con la colonizaci&#xF3;n micorr&#xED;cica y la diversidad de herb&#xE1;ceas Palabras clave: micorrizas, diversidad, suelo, agroforestal, sucesi&#xF3;n ecol&#xF3;gica.</subfield>
  </datafield>
  <datafield tag="650" ind1=" " ind2="4">
    <subfield code="a">Micorrizas</subfield>
    <subfield code="x">Propagaci&#xF3;n</subfield>
    <subfield code="9">131610</subfield>
  </datafield>
  <datafield tag="650" ind1=" " ind2="4">
    <subfield code="a">Fertilidad del suelo</subfield>
    <subfield code="9">144203</subfield>
  </datafield>
  <datafield tag="650" ind1=" " ind2="4">
    <subfield code="a">Ecolog&#xED;a forestal</subfield>
    <subfield code="9">35176</subfield>
  </datafield>
  <datafield tag="700" ind1="1" ind2=" ">
    <subfield code="a">Izoteco Morales, Dulce Deli</subfield>
    <subfield code="9">189454</subfield>
  </datafield>
  <datafield tag="700" ind1="1" ind2=" ">
    <subfield code="a">Corlay Chee, Langen</subfield>
    <subfield code="9">28007</subfield>
    <subfield code="e">Director de tesis.</subfield>
  </datafield>
  <datafield tag="700" ind1="1" ind2=" ">
    <subfield code="a">Hern&#xE1;ndez Tapia, Alejandro</subfield>
    <subfield code="9">54656</subfield>
    <subfield code="e">Secretario.</subfield>
  </datafield>
  <datafield tag="700" ind1="1" ind2=" ">
    <subfield code="a">Franco Islas, Yolanda</subfield>
    <subfield code="9">42965</subfield>
    <subfield code="e">Vocal.</subfield>
  </datafield>
  <datafield tag="700" ind1="1" ind2=" ">
    <subfield code="a">Miranda Moreno, Andr&#xE9;s Gelacio</subfield>
    <subfield code="9">76095</subfield>
    <subfield code="e">Suplente.</subfield>
  </datafield>
  <datafield tag="700" ind1="1" ind2=" ">
    <subfield code="a">Santill&#xE1;n P&#xE9;rez, Javier</subfield>
    <subfield code="9">102430</subfield>
    <subfield code="e">Suplente.</subfield>
  </datafield>
  <datafield tag="856" ind1=" " ind2=" ">
    <subfield code="u">http://10.13.5.2/tesis/tl/1410884-2_Y_1611179-4_GASPAR_ANDRES_MARIAINES_Y_IZOTECO_MORALES_DULCEDELI.pdf</subfield>
    <subfield code="z">DESCARGAR PDF</subfield>
  </datafield>
  <datafield tag="942" ind1=" " ind2=" ">
    <subfield code="2">Clasificaci&#xF3;n Universidad Aut&#xF3;noma Chapingo</subfield>
    <subfield code="c">TD</subfield>
  </datafield>
  <datafield tag="999" ind1=" " ind2=" ">
    <subfield code="c">220095</subfield>
    <subfield code="d">220095</subfield>
  </datafield>
  <datafield tag="952" ind1=" " ind2=" ">
    <subfield code="0">0</subfield>
    <subfield code="1">0</subfield>
    <subfield code="2">local</subfield>
    <subfield code="4">0</subfield>
    <subfield code="5">1</subfield>
    <subfield code="7">0</subfield>
    <subfield code="8">TesDigL</subfield>
    <subfield code="a">BD</subfield>
    <subfield code="b">BD</subfield>
    <subfield code="c">E_L</subfield>
    <subfield code="d">2024-08-19</subfield>
    <subfield code="l">0</subfield>
    <subfield code="o">Tesis digital</subfield>
    <subfield code="r">2024-08-19 13:36:56</subfield>
    <subfield code="w">2024-08-19</subfield>
    <subfield code="y">TD</subfield>
  </datafield>
</record>
